HOSPITAL AND CLINICAL AND CLINICAL PHARMACY (Record no. 6121)

MARC details
000 -LEADER
fixed length control field 00496nam a22001817a 4500
005 - DATE AND TIME OF LATEST TRANSACTION
control field 20210827125033.0
008 - FIXED-LENGTH DATA ELEMENTS--GENERAL INFORMATION
fixed length control field 200317b xxu||||| |||| 00| 0 eng d
020 ## - INTERNATIONAL STANDARD BOOK NUMBER
ISBN 9788125905662
041 ## - LANGUAGE CODE
Language code of text/sound track or separate title eng
082 ## - DEWEY DECIMAL CLASSIFICATION NUMBER
Classification number 615.1
100 ## - MAIN ENTRY--AUTHOR NAME
Personal name SIDDIQUI ANEES A & OTHERS
245 ## - TITLE STATEMENT
Title HOSPITAL AND CLINICAL AND CLINICAL PHARMACY
Statement of responsibility, etc ANEES AHMAD SIDDIQUI
250 ## - EDITION STATEMENT
Edition statement 1'ST
260 ## - PUBLICATION, DISTRIBUTION, ETC. (IMPRINT)
Place of publication NWE DELHI
Name of publisher CBS PUBLISHERS AND DISTRIBUTORS
Year of publication 2020
300 ## - PHYSICAL DESCRIPTION
Number of Pages 188 P.
650 ## - SUBJECT ADDED ENTRY--TOPICAL TERM
Topical Term PHARMCY
942 ## - ADDED ENTRY ELEMENTS (KOHA)
Koha item type Books
Holdings
Lost status Damaged status Collection code Home library Current library Shelving location Date acquired Source of acquisition Cost, normal purchase price Full call number Accession Number Koha item type
    Reference JRU Library JRU Library SHELF-4-D 17/03/2020 PURCHASE 295.00 615.1 23761 Books
    PHARMACY JRU Library JRU Library SHELF-16-G 17/03/2020 PURCHASE 295.00 615.1 23762 Books